| 000 | 00651nam a2200217 a 4500 | ||
|---|---|---|---|
| 005 | 20210219153445.0 | ||
| 008 | 991125n 000 0 u | ||
| 035 | _aUPN01000100987 | ||
| 100 | _aEllis, Nancy E. | ||
| 222 |
_aREADING IMPROVEMENT : _bA JOURNAL FOR THE IMPROVEMENT OF READING |
||
| 245 | _aStaff development for a process approach : a case study of uneven implementation | ||
| 300 | _a243-244 | ||
| 362 | _a29, No. 4, 1992 | ||
| 505 | _aMayo 1993 | ||
| 653 | 0 | _aACTUALIZACION DOCENTE | |
| 653 | 0 | _aEJECUCION DE PROGRAMAS | |
| 653 | 0 | _aESTRATEGIAS DE CAMBIO | |
| 653 | 0 | _aPERSONAL | |
| 904 |
_aAC _b038798 |
||
| 905 | _aArticulo | ||
| 999 |
_c77353 _d77353 |
||